| 000 | 01096nam a2200253Ia 4500 | ||
|---|---|---|---|
| 003 | OSt | ||
| 005 | 20220930094906.0 | ||
| 006 | a|||||r|||| 00| 0 | ||
| 007 | ta | ||
| 008 | 220926b |||||||| |||| 00| 0 hin d | ||
| 024 | _a32547 | ||
| 037 | _cTheses | ||
| 040 |
_aCRL _cCRL _bhin |
||
| 041 |
_2hin _ahin |
||
| 100 | _aमिश्रा, रीतू, ले. | ||
| 110 |
_aदिल्ली विश्वविद्यालय. कला संकाय. संस्कृत _9556618 |
||
| 245 | 0 |
_aमानवश्रौतसूत्र की याज्ञिक प्रक्रिया का विश्लेषण _b वर्तमान सन्दर्भ में |
|
| 246 | _aMānavashrautasūtra kī yājnyik prakriyā kā vishleṣhaṇa: vartamān sandarbha mean | ||
| 260 | _c2014 | ||
| 300 |
_a272पृ. _ap. _ccm. |
||
| 700 |
_aदिल्ली विश्वविद्यालय. कला संकाय. संस्कृत _9556619 |
||
| 942 |
_cDIS _2CC |
||
| 999 |
_c887879 _d887879 |
||